LEADER 05190oam 2200661I 450 001 9910462868703321 005 20200520144314.0 010 $a0-429-08673-3 010 $a1-138-07638-4 010 $a1-4665-0565-6 024 7 $a10.1201/b14723 035 $a(CKB)2670000000353301 035 $a(EBL)1172609 035 $a(SSID)ssj0000870544 035 $a(PQKBManifestationID)11526914 035 $a(PQKBTitleCode)TC0000870544 035 $a(PQKBWorkID)10818070 035 $a(PQKB)11543147 035 $a(MiAaPQ)EBC1172609 035 $a(Au-PeEL)EBL1172609 035 $a(CaPaEBR)ebr10689900 035 $a(CaONFJC)MIL692852 035 $a(OCoLC)841264173 035 $a(EXLCZ)992670000000353301 100 $a20180331d2013 uy 0 101 0 $aeng 135 $aur|n|---||||| 181 $ctxt 182 $cc 183 $acr 200 00$aMarine biomaterials $echaracterization, isolation, and applications /$fedited by Se-Kwon Kim 210 1$aBoca Raton :$cTaylor & Francis,$d2013. 215 $a1 online resource (821 p.) 300 $aDescription based upon print version of record. 311 $a1-322-61570-5 311 $a1-4665-0564-8 320 $aIncludes bibliographical references. 327 $aFront Cover; Contents; Preface; Acknowledgments; Editor; Contributors; Chapter 1 - Introduction to Marine Biomaterials; Chapter 2 - Hydroxyapatite from Marine Fish Bone: Isolation and Characterization Techniques; Chapter 3 - Hydroxyapatite and Calcium Phosphates from Marine Sources: Extraction and Characterization; Chapter 4 - Isolation and Characterization of Chitin and Chitosan as Potential Biomaterials; Chapter 5 - Structure Elucidation and Biological Effects of Carrageenans from Red Algae; Chapter 6 - Study of Marine-Derived Fatty Acids and Their Therapeutic Importance 327 $aChapter 7 - Marine Toxins for Natural Products Drug DiscoveryChapter 8 - Conotoxins: A Source of Biomaterial for Pharmacology and Neuroscience; Chapter 9 - Pigmented Marine Heterotrophic Bacteria: Occurrence, Diversity, and Characterization of Pigmentation; Chapter 10 - Antitumor Pigments from Marine Bacteria; Chapter 11 - Structural Characteristics of Bioactive Marine Natural Products; Chapter 12 - Environmental and Human Impact on Marine Microorganism-Synthesized Nanoparticles 327 $aChapter 13 - Biosynthesis and Characterization of Different Nanoparticles and Its Larvicidal Activity against Human Disease VectorsChapter 14 - Mussel-Derived Adhesive Biomaterials; Chapter 15 - Biological Applications of Marine Biomaterials; Chapter 16 - Health Benefits of Sulfated Polysaccharides from Marine Algae; Chapter 17 - Biological Activities and Potential Applications of Marine Biotoxins; Chapter 18 - Compounds from Marine Organisms with Antiviral Activity; Chapter 19 - Biological Activities of Marine-Derived Bioactive Peptides 327 $aChapter 20 - Health Beneficial Effects of Docosahexaenoic Acid: A Marine TreasureChapter 21 - Treatment of Obesity and Diabetes with Marine-Derived Biomaterials; Chapter 22 - Potential Anticoagulant Effect of Seaweed-Derived Biomaterials; Chapter 23 - Microbial Biomaterials and Their Applications; Chapter 24 - Marine Biomaterials for Antiallergic Therapeutics; Chapter 25 - Biomedical Potential of Unchlorinated Briarane Diterpenes from Gorgonians and Sea Pens; Chapter 26 - Application of Marine Collagen-Based Scaffolds in Bone Tissue Engineering 327 $aChapter 27 - Biocomposites Containing Chitosan for Bone Tissue EngineeringChapter 28 - Marine Plants and Algae as Promising 3D Scaffolds for Tissue Engineering; Chapter 29 - Application of Marine Biomaterials in Orthopedic and Soft Tissue Surgical Challenges; Chapter 30 - Marine Materials in Drug Delivery and Tissue Engineering: From Natural Role Models to Bone Regeneration and Repair and Slow Delivery of Therapeutic Drugs, Proteins, and Genes; Chapter 31 - Polysaccharides from Seaweeds: Modification and Potential Application in Drug Delivery 327 $aChapter 32 - Marine Biomaterials: Role in Drug Delivery and Tissue Engineering toward Biomedical Applications 330 $aOceans are an abundant source of diverse biomaterials with potential for an array of uses. Marine Biomaterials: Characterization, Isolation and Applications brings together the wide range of research in this important area, including the latest developments and applications, from preliminary research to clinical trials. The book is divided into four parts, with chapters written by experts from around the world. Biomaterials described come from a variety of marine sources, such as fish, algae, microorganisms, crustaceans, and mollusks. Part I covers the isolation and characterization of marine 606 $aAquatic organisms 606 $aBiomedical materials 608 $aElectronic books. 615 0$aAquatic organisms. 615 0$aBiomedical materials. 676 $a578.76 701 $aKim$b Se-Kwon$0780947 801 0$bMiAaPQ 801 1$bMiAaPQ 801 2$bMiAaPQ 906 $aBOOK 912 $a9910462868703321 996 $aMarine biomaterials$92443974 997 $aUNINA LEADER 04424nam 22007695 450 001 996466259303316 005 20210126141354.0 010 $a3-319-66284-8 024 7 $a10.1007/978-3-319-66284-8 035 $a(CKB)4100000000587138 035 $a(DE-He213)978-3-319-66284-8 035 $a(MiAaPQ)EBC6298412 035 $a(MiAaPQ)EBC5578604 035 $a(Au-PeEL)EBL5578604 035 $a(OCoLC)1003191814 035 $a(PPN)204533457 035 $a(EXLCZ)994100000000587138 100 $a20170902d2017 u| 0 101 0 $aeng 135 $aurnn|008mamaa 181 $ctxt$2rdacontent 182 $cc$2rdamedia 183 $acr$2rdacarrier 200 10$aComputer Safety, Reliability, and Security $b[electronic resource] $eSAFECOMP 2017 Workshops, ASSURE, DECSoS, SASSUR, TELERISE, and TIPS, Trento, Italy, September 12, 2017, Proceedings /$fedited by Stefano Tonetta, Erwin Schoitsch, Friedemann Bitsch 205 $a1st ed. 2017. 210 1$aCham :$cSpringer International Publishing :$cImprint: Springer,$d2017. 215 $a1 online resource (XIV, 478 p. 138 illus.) 225 1 $aProgramming and Software Engineering ;$v10489 311 $a3-319-66283-X 327 $aAssurance cases for Software-Intensive Systems.-  Dependable embedded and cyber-physical systems and systems-of-systems -- Next generation of system assurance  approaches for safety-critical systems -- Timing performance in safety engineering -- Technical and legal aspects of data privacy and security. 330 $aThis book constitutes the refereed proceedings of five workshops co-located with SAFECOMP 2017, the 36th International Conference on Computer Safety, Reliability, and Security, held in Trento, Italy, in September 2017. The 38 revised full papers presented together with 5 introductory papers to each workshop, and three invited papers, were carefully reviewed and selected from 49 submissions. This year's workshops are: ASSURE 2017 ? Assurance Cases for Software-Intensive Systems; DECSoS 2017 ? ERCIM/EWICS/ARTEMIS Dependable Embedded and Cyber-Physical Systems and Systems-of-Systems; SASSUR 2017 ? Next Generation of System Assurance  Approaches for Safety-Critical Systems; TIPS 2017 ? Timing Performance in Safety Engineering; TELERISE 2017 Technical and legal Aspects of Data Privacy and Security. 410 0$aProgramming and Software Engineering ;$v10489 606 $aComputer logic 606 $aProgramming languages (Electronic computers) 606 $aSoftware engineering 606 $aComputer security 606 $aApplication software 606 $aComputer organization 606 $aLogics and Meanings of Programs$3https://scigraph.springernature.com/ontologies/product-market-codes/I1603X 606 $aProgramming Languages, Compilers, Interpreters$3https://scigraph.springernature.com/ontologies/product-market-codes/I14037 606 $aSoftware Engineering$3https://scigraph.springernature.com/ontologies/product-market-codes/I14029 606 $aSystems and Data Security$3https://scigraph.springernature.com/ontologies/product-market-codes/I28060 606 $aComputer Applications$3https://scigraph.springernature.com/ontologies/product-market-codes/I23001 606 $aComputer Systems Organization and Communication Networks$3https://scigraph.springernature.com/ontologies/product-market-codes/I13006 615 0$aComputer logic. 615 0$aProgramming languages (Electronic computers). 615 0$aSoftware engineering. 615 0$aComputer security. 615 0$aApplication software. 615 0$aComputer organization. 615 14$aLogics and Meanings of Programs. 615 24$aProgramming Languages, Compilers, Interpreters. 615 24$aSoftware Engineering. 615 24$aSystems and Data Security. 615 24$aComputer Applications. 615 24$aComputer Systems Organization and Communication Networks. 676 $a005.8 702 $aTonetta$b Stefano$4edt$4http://id.loc.gov/vocabulary/relators/edt 702 $aSchoitsch$b Erwin$4edt$4http://id.loc.gov/vocabulary/relators/edt 702 $aBitsch$b Friedemann$4edt$4http://id.loc.gov/vocabulary/relators/edt 801 0$bMiAaPQ 801 1$bMiAaPQ 801 2$bMiAaPQ 906 $aBOOK 912 $a996466259303316 996 $aComputer Safety, Reliability, and Security$92175020 997 $aUNISA LEADER 02240nas 2200649-a 450 001 9910893000003321 005 20260218112737.0 011 $a2464-0077 035 $a(CKB)991042724313918 035 $a(CONSER)---53034682- 035 $a(DE-599)ZDB2981982-9 035 $a(DE-599)2981982-9 035 $a(EXLCZ)99991042724313918 100 $a19840208a19219999 --- b 101 0 $aslv 181 $ctxt$2rdacontent 182 $cc$2rdamedia 183 $acr$2rdacarrier 200 00$aZbornik znanstvenih razprav 210 $aV Ljubljani [Ljubljana] $cSamozalo?ba$d1921- 215 $a1 online resource 300 $a1938-1941 have added t.p. in French; 1942-1943 in Italian. 300 $aImprint varies. 311 08$aPrint version: Zbornik znanstvenih razprav. 0351-8914 (DLC) 53034682 (OCoLC)10389599 517 1 $aTravaux et articles 517 1 $aRaccolta di studi scientifici 606 $aLaw$vPeriodicals 606 $aLaw$zSlovenia$vPeriodicals 606 $aLaw$zYugoslavia$vPeriodicals 606 $aLaw$2fast$3(OCoLC)fst00993678 606 $aRecht$2gtt 606 $aRecht$2gnd$3(DE-601)106189719 606 $aSlowenien$3(DE-601)091389496$3(DE-STW)18226-5$2stw 606 $aRechtswissenschaft$3(DE-601)091385717$3(DE-STW)15976-5$2stw 607 $aSlovenia$2fast 607 $aYugoslavia$2fast 608 $aLaw reviews.$2lcgft 608 $aPeriodicals.$2fast 608 $aZeitschrift.$2gnd 615 0$aLaw 615 0$aLaw 615 0$aLaw 615 7$aLaw. 615 17$aRecht. 615 7$aRecht. 615 7$aSlowenien 615 7$aRechtswissenschaft 712 02$aUniverza Srbov, Hrvatov in Slovencev v Ljubljani.$bJuridic?na fakulteta.$bProfesorski zbor. 712 02$aUniverza kralja Aleksandra Prvega v Ljubljani.$bJuridic?na fakulteta.$bProfesorski zbor. 712 02$aKr. univerza v Ljubljani.$bJuridic?na fakulteta v Ljubljani.$bProfesorski zbor. 712 02$aUniverza v Ljubljani.$bPravna fakulteta. 712 02$aUniverza Edvarda Kardelja v Ljubljani.$bPravna fakulteta. 906 $aJOURNAL 912 $a9910893000003321 920 $aexl_impl conversion 996 $aZbornik Znanstvenih Razprav$91901120 997 $aUNINA